000 01338com a2200385Ka 4500
020 _a0030543495
020 _a0030555795 (Laboratory experiments)
020 _a0030555825 (Laboratory experiments, teacher's edition)
020 _a0030555833 (Study guide)
020 _a0030555841 (Datasheets)
020 _a0030555876 (Test generator: assessment item listing)
020 _a0030555930 (Answer keys)
020 _a0030555981 (Integration enrichment resources)
020 _a003055599X (Chapter tests with answer keys)
020 _a0030556074 (Teaching transparencies and transparency masters)
020 _a003055604X (Math skills worksheets)
020 _a0030556082 (Basic skills worksheets)
020 _a0030565545 (Critical thinking worksheets)
040 _cSRS
082 _a500 HOL 2001 A060 Or.
245 0 0 _aHolt science spectrum
_ba physical approach /
246 3 0 _aScience spectrum :
_ba physical approach
260 _aAustin, [Tex.] :
_bHolt, Rinehart and Winston,
_cc2001
300 _av. :
_bcol. ill. ;
_c29 - cm
650 0 _aPhysics
650 0 _aMathematics
650 0 _aChemistry
650 0 _aSpace sciences
650 0 _aScience
700 1 _aDobson, Ken
700 1 _aRoberts, Michael
700 1 _aHolman, John
710 2 _aHolt, Rinehart, and Winston, inc
942 _cEK
999 _c14234
_d14234